| 000 | 00664nam a2200253Ia 4500 | ||
|---|---|---|---|
| 008 | 160319s9999 xx 000 0 und d | ||
| 245 | _aAutralia Revealed / | ||
| 245 | _cDiscovery Channel. | ||
| 260 | _aPhilippines : | ||
| 260 | _bMagnaVision. | ||
| 260 | _c2004 | ||
| 300 | _a1 videodisc (50 mins.) : | ||
| 300 | _bsound color : | ||
| 300 | _c4 3/4 in. | ||
| 440 | _aDiscovery Atlas DVD Collection. | ||
| 650 | _aAustralia -- | ||
| 650 | _aAustralia -- | ||
| 650 | _aAustralia -- | ||
| 650 | _aManners and customs. | ||
| 650 | _aTravel. | ||
| 650 | _xDescription and travel. | ||
| 650 | _xHistory. | ||
| 650 | _xSocial life and customs. | ||
| 999 |
_c292651 _d292651 |
||